Statistics for 2018 NFL Head Coaches

Click here to take the quiz!

General Stats

  • This quiz has been taken 140 times
    (88 since last reset)
  • The average score is 19 of 32

Answer Stats

HintAnswer% Correct
2006SaintsSean Payton
93%
2007SteelersMike Tomlin
90%
2013ChiefsAndy Reid
89%
2000PatriotsBill Belichick
86%
2008RavensJim Harbaugh
85%
2010CowboysJason Garrett
81%
2010SeahawksPete Carroll
81%
2011PanthersRon Rivera
81%
2016EaglesDoug Pederson
72%
2017RamsSean McVay
72%
2014RedskinsJay Gruden
71%
2018RaidersJon Gruden
71%
2014VikingsMike Zimmer
69%
2014TexansBill O'Brien
67%
2003BengalsMarvin Lewis
67%
2015FalconsDan Quinn
65%
201749ersKyle Shanahan
65%
2018BearsMatt Nagy
64%
2018LionsMatt Patricia
61%
2017BillsSean McDermott
60%
2016DolphinsAdam Gase
56%
2018ColtsFrank Reich
54%
2018TitansMike Vrabel
53%
2017ChargersAnthony Lynn
49%
2017JaguarsDoug Marrone
44%
2015JetsTodd Bowles
44%
2018GiantsPat Shurmur
33%
2018BrownsGregg Williams
32%
2017BroncosVance Joseph
31%
2016BuccaneersDirk Koetter
19%
2018CardinalsSteve Wilks
18%
2018PackersJoe Philbin
14%

Score Distribution

Percentile by Number Answered

Percent of People with Each Score

Your Score History

You have not taken this quiz since the last reset